| 000 | 00489nam a2200181Ia 4500 | ||
|---|---|---|---|
| 003 | GCL | ||
| 008 | 140319s9999 xx 000 0 eng d | ||
| 040 |
_aGCL / _cGCL |
||
| 082 | 0 | 4 |
_a577 _bN L |
| 100 | 1 | _aTABRI, HANI G. | |
| 245 | 1 | 0 |
_aLIVING EARTH: A SHORT HISTORY OF LIFE AND ITS HOME / _cTABRI, HANI G. |
| 700 | 1 | _aVACCA, JOHN R. | |
| 260 |
_a[S.N] : _bMACMILLAN PUBLISHING COMPANY ، _c1991 |
||
| 300 | _a237 P | ||
| 650 | 0 | 4 | _aEARTH |
| 650 | 0 | 4 | _aEARTH SCIENCES |
| 942 |
_2ddc _cBK |
||
| 999 |
_c17325 _d17325 |
||